Statistics for IMF Projected GDP Percentage Change

Click here to take the quiz!

General Stats

  • This quiz has been taken 14 times
  • The average score is 9 of 22

Answer Stats

Country GDP Projected Change % Correct
Ethiopia+7.5%
75%
Venezuela-4.1%
58%
Rep. of Congo+8.8%
58%
Japan+0.6%
58%
Equatorial Guinea-5.1%
50%
India+7.7%
50%
Zimbabwe-1.5%
50%
Ivory Coast+7.2%
50%
Belarus+0.6%
42%
Ecuador-0.3%
42%
Yemen+13.7%
42%
Senegal+7.0%
42%
Bangladesh+7.0%
42%
Ghana+9.2%
42%
Djibouti+7.0%
33%
Algeria+0.6%
33%
Bhutan+11.2%
25%
Swaziland+0.3%
25%
Burundi+0.1%
25%
South Sudan-1.1%
25%
Myanmar+7.6%
25%
Nauru-4.0%
25%

Score Distribution

Percentile by Number Answered

Percent of People with Each Score

Your Score History

You have not taken this quiz